[Event "DVM U20w 2019"]
[Site "Braunschweig GER"]
[Date "2019.12.28"]
[Round "3"]
[White "Sherif, Amina"]
[Black "Visvikis, Kassandra"]
[Result "1-0"]
[Termination "normal"]
[Board "1.3"]
[WhiteTitle "WIM"]
[WhiteElo "1945"]
[BlackElo "1568"]
[WhiteClock "00:30:12"]
[BlackClock "00:29:40"]
[WhiteTeam "TuRa Harksheide von 1945 Norderstedt e.V."]
[BlackTeam "OSG Baden-Baden"]
[PlyCount "83"]
[WhiteFideId "12911690"]
[BlackFideId "36052167"]
[EventCountry "GER"]
[EventRounds "7"]
[EventType "team-swiss"]
[EventDate "2019.12.26"]

1. d4 {[%clk 1:30:57]} d5 {[%clk 1:30:55]} 2. Nf3 Nf6 {[%clk 1:31:13]} 3. e3
{[%clk 1:31:35]} c5 {[%clk 1:31:02]} 4. Bd3 {[%clk 1:30:34]} Nc6 {[%clk
1:27:31]} 5. O-O {[%clk 1:27:10]} e6 {[%clk 1:25:12]} 6. b3 {[%clk 1:27:09]}
Be7 {[%clk 1:24:34]} 7. Bb2 {[%clk 1:27:16]} O-O {[%clk 1:24:49]} 8. Nbd2
{[%clk 1:27:27]} a6 {[%clk 1:21:53]} 9. c4 {[%clk 1:07:35]} Rb8 {[%clk
1:10:12]} 10. Rc1 {[%clk 1:05:05]} cxd4 {[%clk 1:05:49]} 11. exd4 {[%clk
1:05:06]} Bd7 {[%clk 0:52:34]} 12. Ne5 {[%clk 0:56:18]} dxc4 {[%clk 0:42:42]}
13. bxc4 {[%clk 0:54:33]} Qb6 {[%clk 0:40:15]} 14. Nxd7 {[%clk 0:45:11]} Nxd7
{[%clk 0:40:36]} 15. Rb1 {[%clk 0:39:52]} Qa5 {[%clk 0:37:28]} 16. a3 {[%clk
0:32:34]} Bf6 {[%clk 0:37:16]} 17. Nf3 {[%clk 0:23:50]} Rfd8 {[%clk 0:34:29]}
18. Qe2 {[%clk 0:22:34]} Nf8 {[%clk 0:25:52]} 19. Rfd1 {[%clk 0:21:07]} Qh5
{[%clk 0:25:03]} 20. d5 {[%clk 0:14:08]} exd5 {[%clk 0:22:10]} 21. Bxf6 {[%clk
0:14:00]} gxf6 {[%clk 0:22:30]} 22. cxd5 {[%clk 0:13:51]} Rxd5 {[%clk 0:22:19]}
23. Be4 {[%clk 0:11:55]} Rxd1+ {[%clk 0:20:55]} 24. Qxd1 {[%clk 0:09:53]} Qc5
{[%clk 0:15:45]} 25. Qb3 {[%clk 0:07:55]} Ne6 {[%clk 0:08:03]} 26. h3 {[%clk
0:07:25]} f5 {[%clk 0:06:38]} 27. Bd5 {[%clk 0:06:32]} Ncd8 {[%clk 0:05:24]}
28. Ne5 {[%clk 0:03:49]} Qc7 {[%clk 0:04:34]} 29. Qe3 {[%clk 0:02:08]} f4
{[%clk 0:01:48]} 30. Qe2 {[%clk 0:02:13]} Qe7 {[%clk 0:01:45]} 31. Re1 {[%clk
0:02:09]} Qf6 {[%clk 0:00:34]} 32. Nd7 Qd4 {[%clk 0:00:49]} 33. Bxe6 {[%clk
0:02:05]} Ra8 {[%clk 0:01:01]} 34. Qg4+ {[%clk 0:02:11]} Kh8 {[%clk 0:00:52]}
35. Bf5 {[%clk 0:02:01]} Nc6 {[%clk 0:00:37]} 36. Qh4 {[%clk 0:01:30]} Qg7
{[%clk 0:00:54]} 37. Nf6 {[%clk 0:01:28]} h6 {[%clk 0:01:19]} 38. Ng4 {[%clk
0:01:17]} Nd4 {[%clk 0:00:53]} 39. Qh5 {[%clk 0:00:41]} f3 {[%clk 0:00:33]} 40.
Re7 {[%clk 0:00:53]} Nxf5 {[%clk 0:00:33]} 41. Qxf5 {[%clk 0:30:24]} fxg2
{[%clk 0:29:40]} 42. Rxf7 {[%clk 0:30:12]} 1-0

[Event "DVM U20w 2019"]
[Site "Braunschweig GER"]
[Date "2019.12.28"]
[Round "3"]
[White "Martin, Anastasia"]
[Black "Giede, Anna-Blume"]
[Result "0-1"]
[Termination "normal"]
[Board "1.4"]
[WhiteElo "1235"]
[BlackElo "1582"]
[WhiteClock "00:00:37"]
[BlackClock "00:02:12"]
[WhiteTeam "OSG Baden-Baden"]
[BlackTeam "TuRa Harksheide von 1945 Norderstedt e.V."]
[PlyCount "79"]
[WhiteFideId "36098434"]
[BlackFideId "12921980"]
[EventCountry "GER"]
[EventRounds "7"]
[EventType "team-swiss"]
[EventDate "2019.12.26"]

1. e4 {[%clk 1:30:58]} c6 {[%clk 1:30:56]} 2. d4 {[%clk 1:31:21]} d5 {[%clk
1:31:22]} 3. e5 {[%clk 1:31:46]} c5 {[%clk 1:31:47]} 4. c3 {[%clk 1:32:04]} Nc6
{[%clk 1:31:56]} 5. Nf3 {[%clk 1:32:04]} cxd4 {[%clk 1:32:01]} 6. cxd4 {[%clk
1:31:09]} Bg4 {[%clk 1:28:46]} 7. Be2 {[%clk 1:29:52]} e6 {[%clk 1:23:05]} 8.
O-O {[%clk 1:23:01]} Qb6 {[%clk 1:07:15]} 9. Nc3 {[%clk 0:49:20]} Bxf3 {[%clk
0:59:00]} 10. Bxf3 {[%clk 0:49:04]} Qxd4 {[%clk 0:55:01]} 11. Qb3 {[%clk
0:43:36]} Qb4 {[%clk 0:46:33]} 12. Qxb4 {[%clk 0:38:58]} Bxb4 {[%clk 0:46:53]}
13. Bf4 {[%clk 0:38:03]} Nge7 {[%clk 0:40:18]} 14. a3 {[%clk 0:33:32]} Bxc3
{[%clk 0:39:46]} 15. bxc3 {[%clk 0:33:51]} Ng6 {[%clk 0:40:06]} 16. Bg3 {[%clk
0:26:15]} Ngxe5 {[%clk 0:39:44]} 17. Bxe5 {[%clk 0:21:46]} Nxe5 {[%clk
0:40:09]} 18. Bxd5 {[%clk 0:19:03]} Nc6 {[%clk 0:18:23]} 19. Bf3 {[%clk
0:16:32]} Rc8 {[%clk 0:17:48]} 20. Rfd1 {[%clk 0:15:51]} Ke7 {[%clk 0:16:51]}
21. Rab1 {[%clk 0:11:53]} b6 {[%clk 0:17:02]} 22. Rd2 {[%clk 0:12:03]} Ne5
{[%clk 0:15:08]} 23. Rb3 {[%clk 0:10:59]} Rc7 {[%clk 0:10:58]} 24. Be2 {[%clk
0:08:34]} Rhc8 {[%clk 0:10:22]} 25. Rc2 {[%clk 0:08:46]} Rc5 {[%clk 0:08:11]}
26. f4 {[%clk 0:07:41]} Nc6 {[%clk 0:08:30]} 27. Rb5 {[%clk 0:05:09]} Rxb5
{[%clk 0:04:11]} 28. Bxb5 {[%clk 0:05:19]} Nd4 {[%clk 0:04:37]} 29. Ba6 {[%clk
0:03:45]} Nxc2 {[%clk 0:05:01]} 30. Bxc8 {[%clk 0:04:05]} Nxa3 {[%clk 0:05:28]}
31. Kf2 {[%clk 0:03:28]} Kd6 {[%clk 0:05:04]} 32. Ke3 {[%clk 0:03:15]} Kc5
{[%clk 0:05:02]} 33. Kd3 {[%clk 0:02:50]} Nb5 {[%clk 0:04:37]} 34. Ba6 {[%clk
0:02:15]} Nc7 {[%clk 0:04:26]} 35. Bc4 {[%clk 0:02:04]} a5 {[%clk 0:03:21]} 36.
Bb3 {[%clk 0:02:09]} Nd5 {[%clk 0:03:11]} 37. g3 {[%clk 0:02:21]} b5 {[%clk
0:02:49]} 38. c4 {[%clk 0:01:12]} a4 {[%clk 0:01:47]} 39. Ba2 {[%clk 0:00:37]}
Nb4+ {[%clk 0:02:12]} 40. Kd4+ 0-1

[Event "DVM U20w 2019"]
[Site "Braunschweig GER"]
[Date "2019.12.28"]
[Round "3"]
[White "Möller, Lisa-Marie"]
[Black "Müdder, Melanie"]
[Result "0-1"]
[Termination "normal"]
[Board "2.1"]
[WhiteElo "1934"]
[BlackElo "1902"]
[WhiteClock "00:25:50"]
[BlackClock "00:21:38"]
[WhiteTeam "Düsseldorfer Schachklub 14/25 e. V."]
[BlackTeam "Schachgesellschaft Solingen e. V."]
[PlyCount "97"]
[WhiteFideId "12959367"]
[BlackFideId "12994103"]
[EventCountry "GER"]
[EventRounds "7"]
[EventType "team-swiss"]
[EventDate "2019.12.26"]

1. e4 {[%clk 1:30:58]} c5 {[%clk 1:30:54]} 2. Nf3 {[%clk 1:31:24]} Nc6 {[%clk
1:31:17]} 3. Bb5 {[%clk 1:31:49]} Nf6 {[%clk 1:30:38]} 4. Bxc6 {[%clk 1:32:13]}
dxc6 {[%clk 1:31:01]} 5. d3 {[%clk 1:32:36]} Qc7 {[%clk 1:30:38]} 6. b3 {[%clk
1:32:57]} Bg4 {[%clk 1:29:25]} 7. Bb2 {[%clk 1:32:26]} Nd7 {[%clk 1:26:14]} 8.
Nbd2 {[%clk 1:30:30]} e5 {[%clk 1:25:54]} 9. h3 {[%clk 1:28:48]} Bh5 {[%clk
1:25:36]} 10. g4 {[%clk 1:26:55]} Bg6 {[%clk 1:25:52]} 11. Nc4 {[%clk 1:26:43]}
f6 {[%clk 1:25:22]} 12. Qe2 {[%clk 1:20:30]} Bf7 {[%clk 1:19:11]} 13. Ne3
{[%clk 1:16:35]} Qa5+ {[%clk 1:13:11]} 14. Qd2 {[%clk 1:14:48]} Qc7 {[%clk
1:10:24]} 15. Bc3 {[%clk 1:08:25]} b6 {[%clk 1:05:29]} 16. a4 {[%clk 1:03:11]}
a6 {[%clk 0:53:30]} 17. Rg1 {[%clk 0:51:52]} O-O-O {[%clk 0:42:42]} 18. b4
{[%clk 0:46:27]} cxb4 {[%clk 0:38:54]} 19. Bxb4 {[%clk 0:46:23]} Nc5 {[%clk
0:37:28]} 20. Bxc5 {[%clk 0:43:37]} Bxc5 {[%clk 0:37:50]} 21. Rb1 {[%clk
0:42:41]} a5 {[%clk 0:33:12]} 22. Qc1 {[%clk 0:41:15]} Rd7 {[%clk 0:24:08]} 23.
Qb2 {[%clk 0:39:47]} Rhd8 {[%clk 0:19:50]} 24. Ke2 {[%clk 0:32:28]} Bb4 {[%clk
0:12:15]} 25. Nd2 {[%clk 0:28:54]} Rd4 {[%clk 0:06:14]} 26. Nf5 {[%clk
0:22:06]} R4d7 {[%clk 0:05:35]} 27. Rgd1 {[%clk 0:18:16]} g6 {[%clk 0:05:14]}
28. Ne3 {[%clk 0:18:32]} h5 {[%clk 0:04:19]} 29. Ndc4 {[%clk 0:15:29]} b5
{[%clk 0:03:22]} 30. axb5 {[%clk 0:15:22]} cxb5 {[%clk 0:03:39]} 31. Na3 {[%clk
0:12:29]} Qc5 {[%clk 0:02:08]} 32. Ra1 {[%clk 0:05:52]} Bc3 {[%clk 0:02:06]}
33. Qxb5 {[%clk 0:06:13]} Qxb5 {[%clk 0:02:25]} 34. Nxb5 {[%clk 0:06:39]} Bxa1
{[%clk 0:02:44]} 35. Rxa1 {[%clk 0:07:07]} hxg4 {[%clk 0:02:37]} 36. Nxg4
{[%clk 0:07:18]} f5 {[%clk 0:01:49]} 37. Nxe5 {[%clk 0:07:15]} Rb7 {[%clk
0:00:49]} 38. Nxf7 {[%clk 0:04:10]} Rxf7 {[%clk 0:01:06]} 39. Rxa5 {[%clk
0:03:39]} fxe4 {[%clk 0:00:58]} 40. dxe4 {[%clk 0:02:15]} Rfd7 {[%clk 0:00:35]}
41. Ra8+ {[%clk 0:00:47]} Kb7 {[%clk 0:00:35]} 42. Rxd8 {[%clk 0:01:02]} Rxd8
{[%clk 0:01:00]} 43. Kf3 {[%clk 0:29:40]} Kc6 {[%clk 0:26:03]} 44. Nc3 {[%clk
0:28:54]} Kd6 {[%clk 0:25:36]} 45. Nd5 {[%clk 0:27:44]} Ke5 {[%clk 0:25:00]}
46. Ne7 {[%clk 0:25:51]} Kf6 {[%clk 0:22:40]} 47. Nd5+ {[%clk 0:25:50]} Ke5
{[%clk 0:22:58]} 48. c3 {[%clk 0:25:38]} Rh8 {[%clk 0:21:38]} 49. Nf4 {[%clk
0:25:50]} *

[Event "DVM U20w 2019"]
[Site "Braunschweig GER"]
[Date "2019.12.28"]
[Round "3"]
[White "Wiesner, Paula"]
[Black "Peglau, Mirjam"]
[Result "1/2-1/2"]
[Termination "normal"]
[Board "3.1"]
[WhiteElo "1955"]
[BlackElo "1916"]
[WhiteClock "00:50:01"]
[BlackClock "01:02:49"]
[WhiteTeam "SC Borussia Lichtenberg"]
[BlackTeam "Schachzentrum Seeblick e. V."]
[PlyCount "42"]
[WhiteFideId "24654019"]
[BlackFideId "16211138"]
[EventCountry "GER"]
[EventRounds "7"]
[EventType "team-swiss"]
[EventDate "2019.12.26"]

1. d4 {[%clk 1:30:59]} Nf6 {[%clk 1:30:54]} 2. c4 {[%clk 1:31:20]} e6 {[%clk
1:31:18]} 3. Nc3 {[%clk 1:31:45]} Bb4 {[%clk 1:31:41]} 4. e3 {[%clk 1:32:10]}
O-O {[%clk 1:31:57]} 5. Nge2 {[%clk 1:32:24]} Re8 {[%clk 1:32:13]} 6. a3 {[%clk
1:32:28]} Bf8 {[%clk 1:32:36]} 7. Ng3 {[%clk 1:29:09]} d5 {[%clk 1:32:50]} 8.
cxd5 {[%clk 1:26:38]} exd5 {[%clk 1:33:08]} 9. Bd3 {[%clk 1:26:30]} c6 {[%clk
1:31:12]} 10. O-O {[%clk 1:26:31]} Bg4 {[%clk 1:30:04]} 11. Qc2 {[%clk
1:23:14]} Nbd7 {[%clk 1:27:13]} 12. Kh1 {[%clk 1:16:51]} Bd6 {[%clk 1:23:49]}
13. Nf5 {[%clk 1:11:02]} Bxf5 {[%clk 1:22:54]} 14. Bxf5 {[%clk 1:11:28]} Nf8
{[%clk 1:16:21]} 15. f3 {[%clk 1:07:38]} g6 {[%clk 1:14:12]} 16. Bd3 {[%clk
1:01:47]} Ne6 {[%clk 1:11:24]} 17. Qf2 {[%clk 0:56:51]} Qb6 {[%clk 1:06:39]}
18. e4 {[%clk 0:53:10]} Qxd4 {[%clk 1:05:16]} 19. Qxd4 {[%clk 0:51:08]} Nxd4
{[%clk 1:05:44]} 20. Bg5 {[%clk 0:50:30]} Be7 {[%clk 1:02:30]} 21. Bxf6 {[%clk
0:50:01]} Bxf6 {[%clk 1:02:49]} 1/2-1/2

[Event "DVM U20w 2019"]
[Site "Braunschweig GER"]
[Date "2019.12.28"]
[Round "3"]
[White "Peglau, Sarah"]
[Black "Hartmann, Cora"]
[Result "1-0"]
[Termination "normal"]
[Board "3.2"]
[WhiteElo "1760"]
[BlackElo "1842"]
[WhiteClock "00:24:57"]
[BlackClock "00:39:17"]
[WhiteTeam "Schachzentrum Seeblick e. V."]
[BlackTeam "SC Borussia Lichtenberg"]
[PlyCount "97"]
[WhiteFideId "16219961"]
[BlackFideId "16200764"]
[EventCountry "GER"]
[EventRounds "7"]
[EventType "team-swiss"]
[EventDate "2019.12.26"]

1. c4 {[%clk 1:30:58]} c6 {[%clk 1:30:47]} 2. d4 {[%clk 1:31:12]} d5 {[%clk
1:31:12]} 3. cxd5 {[%clk 1:31:07]} cxd5 {[%clk 1:31:33]} 4. Nc3 {[%clk
1:30:54]} Nc6 {[%clk 1:31:22]} 5. Nf3 {[%clk 1:30:42]} Nf6 {[%clk 1:31:25]} 6.
Bf4 {[%clk 1:22:58]} Qb6 {[%clk 1:20:41]} 7. Na4 {[%clk 1:18:03]} Qa5+ {[%clk
1:18:57]} 8. Bd2 {[%clk 1:15:18]} Qc7 {[%clk 1:16:21]} 9. Rc1 {[%clk 1:13:18]}
e6 {[%clk 1:12:20]} 10. Ne5 {[%clk 1:06:31]} Bd7 {[%clk 1:02:59]} 11. e3 {[%clk
0:59:21]} a6 {[%clk 0:55:29]} 12. Qb3 {[%clk 0:53:07]} Bd6 {[%clk 0:38:19]} 13.
Nb6 {[%clk 0:51:02]} Rb8 {[%clk 0:30:50]} 14. Nbxd7 {[%clk 0:47:18]} Nxd7
{[%clk 0:31:18]} 15. Nxc6 {[%clk 0:47:18]} bxc6 {[%clk 0:31:47]} 16. Qc2 {[%clk
0:46:04]} c5 {[%clk 0:28:53]} 17. dxc5 {[%clk 0:44:29]} Qxc5 {[%clk 0:26:30]}
18. Qa4 {[%clk 0:28:41]} Qa7 {[%clk 0:23:02]} 19. Rc6 {[%clk 0:26:24]} Ke7
{[%clk 0:19:41]} 20. Rxa6 {[%clk 0:23:34]} Qc5 {[%clk 0:17:16]} 21. Rc6 {[%clk
0:22:04]} Rb4 {[%clk 0:11:36]} 22. Bxb4 {[%clk 0:19:54]} Qxb4+ {[%clk 0:12:04]}
23. Qxb4 {[%clk 0:20:22]} Bxb4+ {[%clk 0:12:29]} 24. Kd1 {[%clk 0:20:19]} Ne5
{[%clk 0:12:28]} 25. Rb6 {[%clk 0:18:03]} Ng4 {[%clk 0:12:28]} 26. Ke2 {[%clk
0:13:02]} Bd6 {[%clk 0:12:45]} 27. h3 {[%clk 0:13:04]} Ne5 {[%clk 0:12:20]} 28.
Kd2 {[%clk 0:12:17]} Ra8 {[%clk 0:11:54]} 29. a3 {[%clk 0:11:32]} Bc7 {[%clk
0:11:25]} 30. Rb7 {[%clk 0:11:08]} Kd6 {[%clk 0:11:53]} 31. Bb5 {[%clk
0:09:16]} Ba5+ {[%clk 0:11:35]} 32. b4 {[%clk 0:08:27]} Bd8 {[%clk 0:11:55]}
33. f4 {[%clk 0:05:51]} Nc4+ {[%clk 0:12:06]} 34. Ke2 {[%clk 0:05:48]} e5
{[%clk 0:10:59]} 35. f5 {[%clk 0:02:09]} e4 {[%clk 0:09:22]} 36. Rd7+ {[%clk
0:01:30]} Ke5 {[%clk 0:09:49]} 37. Bxc4 {[%clk 0:01:32]} dxc4 {[%clk 0:10:17]}
38. Rhd1 {[%clk 0:01:24]} Bg5 {[%clk 0:09:48]} 39. R1d5+ {[%clk 0:01:40]} Kf6
{[%clk 0:10:15]} 40. R5d6+ {[%clk 0:01:01]} Ke5 {[%clk 0:10:34]} 41. Rd5+
{[%clk 0:28:41]} Kf6 {[%clk 0:40:50]} 42. Ra5 {[%clk 0:27:51]} Rc8 {[%clk
0:40:24]} 43. a4 {[%clk 0:23:39]} c3 {[%clk 0:40:05]} 44. Rc5 {[%clk 0:23:46]}
Rxc5 {[%clk 0:39:50]} 45. bxc5 {[%clk 0:24:14]} c2 {[%clk 0:40:09]} 46. Kd2
{[%clk 0:24:28]} Bxe3+ {[%clk 0:40:08]} 47. Kxc2 {[%clk 0:24:48]} Bxc5 {[%clk
0:40:30]} 48. g4 {[%clk 0:24:50]} Bb4 {[%clk 0:39:17]} 49. Rd4 {[%clk 0:24:57]}
1-0

[Event "DVM U20w 2019"]
[Site "Braunschweig GER"]
[Date "2019.12.28"]
[Round "3"]
[White "Brunner, Sophia"]
[Black "Schumann, Rabea"]
[Result "0-1"]
[Termination "normal"]
[Board "4.1"]
[WhiteElo "1852"]
[BlackElo "1873"]
[WhiteClock "00:18:38"]
[BlackClock "00:42:07"]
[WhiteTeam "SK Nordhorn-Blanke"]
[BlackTeam "SG Güstrow/Teterow"]
[PlyCount "94"]
[WhiteFideId "12960683"]
[BlackFideId "12918199"]
[EventCountry "GER"]
[EventRounds "7"]
[EventType "team-swiss"]
[EventDate "2019.12.26"]

1. d4 {[%clk 1:30:58]} Nf6 {[%clk 1:30:51]} 2. Nf3 {[%clk 1:31:23]} g6 {[%clk
1:31:13]} 3. c4 {[%clk 1:31:46]} Bg7 {[%clk 1:31:11]} 4. Nc3 {[%clk 1:32:08]}
d5 {[%clk 1:31:17]} 5. Bf4 {[%clk 1:32:18]} O-O {[%clk 1:19:14]} 6. e3 {[%clk
1:32:15]} c6 {[%clk 1:15:52]} 7. h3 {[%clk 1:31:56]} Nbd7 {[%clk 1:14:54]} 8.
Rc1 {[%clk 1:30:56]} Qa5 {[%clk 1:11:22]} 9. Qd2 {[%clk 1:22:36]} Re8 {[%clk
1:08:04]} 10. Be2 {[%clk 1:12:03]} dxc4 {[%clk 1:03:30]} 11. Bxc4 {[%clk
1:10:00]} Nb6 {[%clk 1:02:01]} 12. Bb3 {[%clk 1:09:11]} Nbd5 {[%clk 1:00:15]}
13. Nxd5 {[%clk 1:03:00]} Qxd2+ {[%clk 1:00:24]} 14. Kxd2 {[%clk 1:02:25]} Nxd5
{[%clk 0:59:35]} 15. Bxd5 {[%clk 1:01:34]} cxd5 {[%clk 0:59:57]} 16. Rc5 {[%clk
1:01:18]} e6 {[%clk 0:56:28]} 17. Be5 {[%clk 0:58:06]} Bf8 {[%clk 0:53:29]} 18.
Rc7 {[%clk 0:56:27]} Bb4+ {[%clk 0:51:22]} 19. Kc1 {[%clk 0:46:52]} Ba5 {[%clk
0:47:00]} 20. Rc2 {[%clk 0:46:31]} Bd7 {[%clk 0:45:07]} 21. Nd2 {[%clk
0:35:44]} Rac8 {[%clk 0:42:28]} 22. Nb3 {[%clk 0:34:36]} Rxc2+ {[%clk 0:42:15]}
23. Kxc2 {[%clk 0:35:02]} Rc8+ {[%clk 0:39:39]} 24. Kb1 {[%clk 0:35:09]} Bb6
{[%clk 0:39:03]} 25. Rc1 {[%clk 0:33:36]} Rxc1+ {[%clk 0:38:52]} 26. Kxc1
{[%clk 0:33:49]} Bb5 {[%clk 0:38:17]} 27. h4 {[%clk 0:29:51]} Bc4 {[%clk
0:36:51]} 28. Kc2 {[%clk 0:22:15]} Bxb3+ {[%clk 0:35:40]} 29. Kxb3 {[%clk
0:18:34]} Kf8 {[%clk 0:33:02]} 30. Kc3 {[%clk 0:13:07]} Ke7 {[%clk 0:32:03]}
31. b4 {[%clk 0:11:54]} a6 {[%clk 0:31:26]} 32. a4 {[%clk 0:12:10]} Bd8 {[%clk
0:27:58]} 33. Bf4 {[%clk 0:02:58]} Kd7 {[%clk 0:27:33]} 34. g3 {[%clk 0:02:57]}
b5 {[%clk 0:26:28]} 35. axb5 {[%clk 0:02:44]} axb5 {[%clk 0:26:49]} 36. f3
{[%clk 0:01:21]} h5 {[%clk 0:24:40]} 37. Kb3 {[%clk 0:01:19]} f6 {[%clk
0:22:31]} 38. g4 {[%clk 0:00:46]} e5 {[%clk 0:16:07]} 39. dxe5 {[%clk 0:00:41]}
fxe5 {[%clk 0:16:31]} 40. Bg3 {[%clk 0:00:40]} e4 {[%clk 0:15:03]} 41. fxe4
{[%clk 0:19:30]} dxe4 {[%clk 0:45:26]} 42. g5 {[%clk 0:19:05]} Bb6 {[%clk
0:44:31]} 43. Bf2 {[%clk 0:18:41]} Ke6 {[%clk 0:42:46]} 44. Kc3 {[%clk
0:18:47]} Kf5 {[%clk 0:42:12]} 45. Kd2 {[%clk 0:18:42]} Kg4 {[%clk 0:42:15]}
46. Ke2 {[%clk 0:18:58]} Bc7 {[%clk 0:42:24]} 47. Be1 {[%clk 0:18:38]} Bd6
{[%clk 0:42:07]} 0-1

[Event "DVM U20w 2019"]
[Site "Braunschweig GER"]
[Date "2019.12.28"]
[Round "3"]
[White "Bardorz, Jana"]
[Black "Miljkovic, Jovana"]
[Result "0-1"]
[Termination "normal"]
[Board "5.1"]
[BlackTitle "WFM"]
[WhiteElo "2054"]
[BlackElo "2021"]
[WhiteClock "00:30:28"]
[BlackClock "00:21:35"]
[WhiteTeam "SC Bavaria Regensburg von 1881 e.V."]
[BlackTeam "SV Lingen"]
[PlyCount "42"]
[WhiteFideId "16208897"]
[BlackFideId "958336"]
[EventCountry "GER"]
[EventRounds "7"]
[EventType "team-swiss"]
[EventDate "2019.12.26"]

1. e4 {[%clk 1:30:57]} c5 {[%clk 1:30:56]} 2. Nf3 {[%clk 1:31:22]} d6 {[%clk
1:31:21]} 3. d4 {[%clk 1:31:47]} cxd4 {[%clk 1:31:49]} 4. Nxd4 {[%clk 1:32:10]}
Nf6 {[%clk 1:32:16]} 5. Nc3 {[%clk 1:32:25]} a6 {[%clk 1:32:41]} 6. f4 {[%clk
1:32:17]} e5 {[%clk 1:33:09]} 7. Nf3 {[%clk 1:32:29]} Nbd7 {[%clk 1:33:33]} 8.
a4 {[%clk 1:29:40]} d5 {[%clk 1:33:58]} 9. exd5 {[%clk 1:16:29]} e4 {[%clk
1:32:54]} 10. Ne5 {[%clk 1:12:38]} Bc5 {[%clk 1:21:33]} 11. Bc4 {[%clk
1:04:08]} O-O {[%clk 1:06:19]} 12. Qe2 {[%clk 0:58:13]} Nxe5 {[%clk 0:56:30]}
13. fxe5 {[%clk 0:57:24]} Ng4 {[%clk 0:46:19]} 14. Bf4 {[%clk 0:51:37]} Qb6
{[%clk 0:33:41]} 15. O-O-O {[%clk 0:45:26]} Nf2 {[%clk 0:31:15]} 16. Nxe4
{[%clk 0:43:41]} Bg4 {[%clk 0:28:43]} 17. Qd2 {[%clk 0:35:18]} Nxe4 {[%clk
0:25:32]} 18. Qe1 {[%clk 0:33:36]} Nf2 {[%clk 0:24:15]} 19. Rd3 {[%clk
0:32:13]} Qb4 {[%clk 0:20:50]} 20. Qxb4 {[%clk 0:30:25]} Nxd3+ {[%clk 0:21:10]}
21. Bxd3 {[%clk 0:30:28]} Bxb4 {[%clk 0:21:35]} 0-1

[Event "DVM U20w 2019"]
[Site "Braunschweig GER"]
[Date "2019.12.28"]
[Round "3"]
[White "Oberhofer, Marie"]
[Black "Möller, Hannah"]
[Result "1/2-1/2"]
[Termination "normal"]
[Board "5.3"]
[WhiteElo "1700"]
[BlackElo "1832"]
[WhiteClock "00:21:30"]
[BlackClock "00:50:30"]
[WhiteTeam "SC Bavaria Regensburg von 1881 e.V."]
[BlackTeam "SV Lingen"]
[PlyCount "53"]
[WhiteFideId "12938165"]
[BlackFideId "1270514"]
[EventCountry "GER"]
[EventRounds "7"]
[EventType "team-swiss"]
[EventDate "2019.12.26"]

1. e4 {[%clk 1:30:58]} g6 {[%clk 1:30:52]} 2. d4 {[%clk 1:31:19]} Bg7 {[%clk
1:31:18]} 3. Be3 {[%clk 1:31:19]} d6 {[%clk 1:30:31]} 4. Nc3 {[%clk 1:30:54]}
Nf6 {[%clk 1:30:41]} 5. f3 {[%clk 1:23:39]} c6 {[%clk 1:29:56]} 6. Qd2 {[%clk
1:23:42]} b5 {[%clk 1:30:11]} 7. a3 {[%clk 1:23:29]} a5 {[%clk 1:29:44]} 8. Bd3
{[%clk 1:21:51]} Bd7 {[%clk 1:29:14]} 9. Nge2 {[%clk 1:12:49]} O-O {[%clk
1:28:55]} 10. O-O {[%clk 1:12:20]} Ne8 {[%clk 1:28:52]} 11. Bh6 {[%clk
1:09:05]} e5 {[%clk 1:25:13]} 12. Bxg7 {[%clk 1:08:04]} Kxg7 {[%clk 1:25:23]}
13. f4 {[%clk 1:08:12]} exd4 {[%clk 1:21:35]} 14. Nxd4 {[%clk 1:08:12]} Na6
{[%clk 1:20:53]} 15. f5 {[%clk 0:54:25]} Nc5 {[%clk 1:16:24]} 16. Rf3 {[%clk
0:49:45]} Nxd3 {[%clk 1:14:03]} 17. cxd3 {[%clk 0:47:45]} b4 {[%clk 1:13:22]}
18. Nce2 {[%clk 0:46:53]} c5 {[%clk 1:13:02]} 19. Nc2 {[%clk 0:44:16]} g5
{[%clk 1:06:23]} 20. f6+ {[%clk 0:42:26]} Kh8 {[%clk 1:06:47]} 21. Qxg5 {[%clk
0:38:12]} Rg8 {[%clk 1:06:29]} 22. Qh6 {[%clk 0:36:25]} Bg4 {[%clk 1:01:38]}
23. Raf1 {[%clk 0:28:33]} Ra7 {[%clk 0:55:29]} 24. Ne3 {[%clk 0:23:34]} Bxf3
{[%clk 0:52:22]} 25. Rxf3 {[%clk 0:23:55]} Rg6 {[%clk 0:52:46]} 26. Qf8+ {[%clk
0:21:08]} Rg8 {[%clk 0:50:30]} 27. Qh6 {[%clk 0:21:30]} 1/2-1/2

[Event "DVM U20w 2019"]
[Site "Braunschweig GER"]
[Date "2019.12.28"]
[Round "3"]
[White "Danilova, Sofia"]
[Black "Prölß, Clara"]
[Result "1-0"]
[Termination "normal"]
[Board "5.4"]
[WhiteElo "980"]
[BlackElo "1000"]
[WhiteClock "01:08:27"]
[BlackClock "00:15:38"]
[WhiteTeam "SV Lingen"]
[BlackTeam "SC Bavaria Regensburg von 1881 e.V."]
[PlyCount "45"]
[WhiteFideId "16298632"]
[BlackFideId "16296788"]
[EventCountry "GER"]
[EventRounds "7"]
[EventType "team-swiss"]
[EventDate "2019.12.26"]

1. Nf3 {[%clk 1:30:56]} d5 {[%clk 1:30:47]} 2. g3 {[%clk 1:31:17]} Nf6 {[%clk
1:30:57]} 3. Bg2 {[%clk 1:31:35]} c5 {[%clk 1:30:57]} 4. O-O {[%clk 1:30:16]}
Nc6 {[%clk 1:30:14]} 5. d3 {[%clk 1:30:02]} e6 {[%clk 1:29:47]} 6. c4 {[%clk
1:29:55]} Bd6 {[%clk 1:25:30]} 7. Bg5 {[%clk 1:27:07]} O-O {[%clk 1:21:16]} 8.
Nc3 {[%clk 1:26:29]} dxc4 {[%clk 1:15:27]} 9. dxc4 {[%clk 1:24:29]} Be7 {[%clk
1:09:58]} 10. Bf4 {[%clk 1:22:50]} Bd7 {[%clk 0:57:09]} 11. Nb5 {[%clk
1:22:21]} a6 {[%clk 0:51:10]} 12. Nd6 {[%clk 1:22:18]} Bc8 {[%clk 0:43:40]} 13.
Ne5 {[%clk 1:14:38]} Bxd6 {[%clk 0:39:35]} 14. Nxc6 {[%clk 1:14:45]} bxc6 15.
Bxd6 {[%clk 1:14:50]} a5 {[%clk 0:30:22]} 16. Bxf8 Qxf8 {[%clk 0:30:10]} 17.
Bxc6 {[%clk 1:14:57]} Ra6 {[%clk 0:28:56]} 18. Bb5 {[%clk 1:15:10]} Rb6 {[%clk
0:27:05]} 19. Qd3 {[%clk 1:11:18]} e5 {[%clk 0:20:03]} 20. Rfd1 {[%clk
1:11:11]} Bh3 {[%clk 0:17:39]} 21. Rd2 {[%clk 1:08:23]} Qa8 {[%clk 0:15:38]}
22. Qd8+ {[%clk 1:08:27]} Qxd8 23. Rxd8+ 1-0